Записки пинчраннера: роман

Bibliografiske detaljer
Hovedforfatter: Оэ Кэндзабуро
Andre forfattere: Гривнин В. (переводчик)
Sprog:russisk
Udgivet: Москва, Радуга, 1983
Fag:
Format: MixedMaterials Bog
KOHA link:https://koha.lib.tpu.ru/cgi-bin/koha/opac-detail.pl?biblionumber=128876

MARC

LEADER 00000nam0a2200000 4500
001 128876
005 20240814155554.0
035 |a (RuTPU)RU\TPU\book\139469 
090 |a 128876 
100 |a 20080116d1983 m y0rusy5003 ca 
101 1 |a rus  |c jap 
102 |a RU 
105 |a y z 000ay 
200 1 |a Записки пинчраннера  |e роман  |f Оэ Кэндзабуро  |g пер. с япон. и предисл. В. Гривнин 
210 |a Москва  |c Радуга  |d 1983 
215 |a 320 с.  |d 21 см 
606 1 |a Японская литература  |9 46759 
610 1 |a художественая литература 
610 1 |a романы 
675 |a 895.6  |v 3 
700 0 |a Оэ Кэндзабуро  |4 070 
702 1 |a Гривнин  |b В.  |4 730 
801 0 |a RU  |b RuMRKP  |c 19950704  |g psbo 
801 1 |a RU  |b 63413507  |c 20080116  |g PSBO 
801 2 |a RU  |b 63413507  |c 20080125  |g PSBO 
942 |c BK